| 000 | 01056nam a2200253 a 4500 | ||
|---|---|---|---|
| 003 | CBULib | ||
| 005 | 20240604090541.0 | ||
| 008 | 110909s2011 ||||||||||||||||| || u | ||
| 020 | _a9789211170881 | ||
| 040 |
_aCBULib _bEnglish _cCBULib _dCBULib _erda |
||
| 050 | _aUNECE(02)2011/12 | ||
| 110 | _aUnited Nations Economic Commission for Europe (UNECE) | ||
| 245 | 1 | 0 |
_aSIGNI: signs and signals for inland waterways: Resolution no. 22, Revision 2 _cby United Nations Economic Commission for Europe [UNECE] |
| 260 |
_aGeneva: _bUnited Nations Economic Commission for Europe (UNECE) _c2011 |
||
| 300 | _a[vi], 61pages.: illustrations | ||
| 336 |
_2rdacontent _aText | |
||
| 337 |
_2rdamedia _aUnmediated | _bn |
||
| 338 |
_2rdacarrier _aVolume _bnc |
||
| 650 | _aSIGNALS AND SIGNALING--LAW AND LEGISLATION--EUROPE | ||
| 650 | 0 |
_aINLAND WATER TRANSPORTATION--LAW AND LEGISLATION--EUROPE _92953 |
|
| 650 | 0 |
_aINLAND WATER TRANSPORTATION--COMMUNICATION SYSTEMS--EUROPE _92954 |
|
| 942 |
_2mc _c029 |
||
| 999 |
_c57455 _d57455 |
||